Orden jurisdiccional competente en materia de responsabilidad por retrasos en el pago de FOGASA (Registro nro. 50153)
[ vista simple ]
| 000 -CABECERA | |
|---|---|
| Longitud fija campo de control | 01195naa a2200301 c 4500 |
| 001 - NÚMERO DE CONTROL | |
| Número de control | 50153 |
| 003 - IDENTIFICADOR DE NÚMERO DE CONTROL | |
| Identificador del número de control | ES-MaCES |
| 005 - FECHA Y HORA DE LA ÚLTIMA TRANSACCIÓN | |
| Fecha y hora de la última transacción | 20171026120617.0 |
| 008 - CAMPO FIJO DE DESCRIPCIÓN FIJA--INFORMACIÓN GENERAL | |
| Códigos de información de longitud fija | 171026s2017 sp ||||| t||||||| ||spa d |
| 040 ## - FUENTE DE CATALOGACIÓN | |
| Centro catalogador de origen | ES-MaCES |
| Lengua de catalogación | spa |
| Centro transcriptor | ES-MaCES |
| Centro modificado | ES-MaCES |
| 100 1# - ENCABEZAMIENTO PRINCIPAL--NOMBRE PERSONAL | |
| 9 (RLIN) | 25877 |
| Nombre de persona | Vila Tierno, Francisco |
| 245 10 - MENCIÓN DE TÍTULO | |
| Título | Orden jurisdiccional competente en materia de responsabilidad por retrasos en el pago de FOGASA |
| Mención de responsabilidad, etc. | Francisco Vila Tierno |
| 500 ## - NOTA GENERAL | |
| Nota general | Resumen |
| 504 ## - NOTA DE BIBLIOGRAFÍA, ETC. | |
| Nota de bibliografía, etc. | Bibliografía: p. 637-638 |
| 650 #4 - ASIENTO SECUNDARIO DE MATERIA--TÉRMINO DE MATERIA | |
| 9 (RLIN) | 27204 |
| Término de materia o nombre geográfico como elemento inicial | administración de justicia |
| 650 #4 - ASIENTO SECUNDARIO DE MATERIA--TÉRMINO DE MATERIA | |
| 9 (RLIN) | 29889 |
| Término de materia o nombre geográfico como elemento inicial | procedimiento judicial |
| 650 #4 - ASIENTO SECUNDARIO DE MATERIA--TÉRMINO DE MATERIA | |
| 9 (RLIN) | 30100 |
| Término de materia o nombre geográfico como elemento inicial | derechos civiles |
| 650 #4 - ASIENTO SECUNDARIO DE MATERIA--TÉRMINO DE MATERIA | |
| 9 (RLIN) | 30919 |
| Término de materia o nombre geográfico como elemento inicial | procedimiento administrativo |
| 650 #4 - ASIENTO SECUNDARIO DE MATERIA--TÉRMINO DE MATERIA | |
| 9 (RLIN) | 30465 |
| Término de materia o nombre geográfico como elemento inicial | pago de prestaciones |
| 650 #4 - ASIENTO SECUNDARIO DE MATERIA--TÉRMINO DE MATERIA | |
| 9 (RLIN) | 27165 |
| Término de materia o nombre geográfico como elemento inicial | derecho del trabajo |
| 650 #4 - ASIENTO SECUNDARIO DE MATERIA--TÉRMINO DE MATERIA | |
| 9 (RLIN) | 27166 |
| Término de materia o nombre geográfico como elemento inicial | legislación del trabajo |
| 650 #4 - ASIENTO SECUNDARIO DE MATERIA--TÉRMINO DE MATERIA | |
| 9 (RLIN) | 29919 |
| Término de materia o nombre geográfico como elemento inicial | tribunal supremo |
| 650 #4 - ASIENTO SECUNDARIO DE MATERIA--TÉRMINO DE MATERIA | |
| 9 (RLIN) | 29888 |
| Término de materia o nombre geográfico como elemento inicial | sentencia judicial |
| 653 10 - TÉRMINO DE INDEXACIÓN--NO CONTROLADO | |
| Término no controlado | Derecho del trabajo y Seguridad Social |
| 773 0# - ENTRADA DE DOCUMENTO FUENTE | |
| Itemnumber del ítem fuente | 86449 |
| Lugar, editor y fecha de publicación | Madrid Lefebvre El Derecho 2015- |
| Otro identificador del documento | 089346 |
| Título | Derecho de las relaciones laborales |
| Número de control del registro relacionado | (ES-MaCES)46200 |
| Parte(s) relacionada(s) | n. 7 (jul. 2017) {55/1131 R. 089346} ;p. 631-638 |
| 902 ## - CES. TIPO DE DOCUMENTO | |
| Tipodoc (006$c Sirtex) | ART Artículo de revista |
| 942 ## - ELEMENTOS KOHA | |
| Fuente de clasificaión o esquema | Clasificación propia del CES |
| Koha [por defecto] tipo de item | Artículos (1982-2017) |
| Parte de clasificación | Derecho del Trabajo y Seguridad Social |
No hay ítems disponibles.
